| 000 | 00807nam a2200241 a 4500 | ||
|---|---|---|---|
| 003 | MX-MxUPN | ||
| 005 | 20260221063937.0 | ||
| 008 | 991125s1933 sp r 000 0 spa d | ||
| 035 | _aUPN01000005107 | ||
| 040 |
_aMX-MxUPN _bspa _cMX-MxUPN |
||
| 041 | 0 | _aspa | |
| 050 | 4 |
_aLB2332 _bS2.28 1933 |
|
| 100 | 1 |
_aSantullano, Luis, _d1879-1952 _930657 |
|
| 245 | 1 | 3 | _aLa autonomía y libertad en la educación |
| 250 | _a2a ed. | ||
| 260 |
_aMadrid : _bRevista de Pedagogía, _c1933. |
||
| 300 | _a109 páginas | ||
| 490 | 0 |
_aPublicaciones de la Revista de Pedagogía. La nueva educación ; _v2 |
|
| 650 | 4 |
_aEducación _xFilosofía _94994 |
|
| 650 | 4 |
_aLibertad de enseñanza _921472 |
|
| 710 | 2 |
_aInstituto Federal de Capacitación del Magisterio (México) _928505 _epropietario anterior |
|
| 942 |
_2lcc _cLIBRO |
||
| 999 |
_c5107 _d5107 |
||